| 000 | 00736nam a2200277Ia 4500 | ||
|---|---|---|---|
| 008 | 160303s9999 xx 000 0 und d | ||
| 020 | _a971-23-3948-3 | ||
| 050 | _aFIL HF 5387 | ||
| 050 | _b.P33 2004 c.1 | ||
| 100 | _aPadilla, Reynaldo A. | ||
| 245 | _aBusiness ethics : | ||
| 245 | _b(a college textbook) / | ||
| 245 | _cReynaldo A. Padilla. | ||
| 260 | _aManila: | ||
| 260 | _bRex Book Store, Inc., | ||
| 260 | _c2004 | ||
| 300 | _a184 pages : | ||
| 300 | _billustrations ; | ||
| 300 | _c22 cm. | ||
| 500 | _aIncludes bibliographical referfences and index. | ||
| 650 | _aBusiness ethics -- | ||
| 650 | _aBusiness ethics -- | ||
| 650 | _xPhilippines. | ||
| 650 | _xStudy and teaching. | ||
| 942 |
_2lcc _cBK |
||
| 999 |
_c291210 _d291210 |
||